عرض عادي
عرض مارك
- Algebra
مدخل مصطلح موضوعي
001 - رقم الضبط
- حقل الضبط: 4930
003 - معرف رقم الضبط
- حقل الضبط: OSt
005 - تاريخ ووقت أخر عملية
- حقل الضبط: 20110928154623.0
008 - عناصر بيانات ثابتة الطول
- حقل تحكم ثابت الطول: 110928|||a|||||| | ||| d
040 ## - مصدر الفهرسة
- هيئة الفهرسة الأصلية: OSt
- وكالة الكتابة: OSt
150 ## - مدخل-- مصطلح تاريخي
- عنصر مدخل المصطلح الموضوعي او الاسم الجغرافي: Algebra
- تفريع شكلي: Outlines, syllabi, etc.
670 ## - بيانات المصدر موجوده
- الاستشهاد بالمصدر: Work cat.: (OSt)0: College algebra :, c2000.
